000 00289nam a22001337a 4500
008 181011b xxu||||| |||| 00| 0 eng d
020 _a9780071441704
041 _aeng
080 _a616-053.2
100 _a8
101 _aPED
245 _aFirst Exposure
_cGigante, J
942 _2udc
_cBK
999 _c49450
_d49450